000 00496nam a2200181Ia 4500
008 151202s9999||||xx |||||||||||||| ||und||
082 _bPNVM-85128
100 _aभागवत यशवंत.
245 _aकिमया.
260 _bनवल प्रकाशन.
260 _c2014
300 _a130
600 _aभागवत यशवंत.
630 _aकिमया.
700 _aभागवत यशवंत.
730 _aकिमया.
942 _cBOOK
999 _c1349980
_d1349977